00561nam a2200169Ia 4500100001500000650001500015942000700030366000700037654001900044245008700063260002100150082001800171300000800189546002300197999001700220952015400237 aGorell/Ro  aOptimizing cBK f20 agroup coaching aGroup coaching:Practical guide ot optimizing collective talent in any organization bKogan Pagec2013 a658.3124bGOR a209 aENGLISHcInfo.Tech c32801d32801 001040708CRCaCRCEbCRCEd2023-03-17eBook Service Syndicateg556.00i63 dt 09.06.2014l0o658.3124 GORp23267r2023-03-17v695.00w0000-00-00yBK